1990年以降にできた市の名前 - Statistics

General Stats
  • This quiz has been taken 52 times
  • The average score is 117 of 205
Answer Stats
都道府県 備考 Answer % Correct
青森県 つがる市
86%
北海道 北斗市
82%
岩手県 単独市制 滝沢市
82%
宮城県 大崎市
79%
茨城県 つくばみらい市
79%
茨城県 ひたちなか市
79%
栃木県 那須塩原市
75%
北海道 単独市制 北広島市
71%
岩手県 奥州市
71%
宮城県 単独市制 富谷市
71%
秋田県 北秋田市
71%
秋田県 大仙市
71%
茨城県 かすみがうら市
71%
茨城県 常総市
71%
山梨市 北杜市
71%
秋田県 仙北市
68%
秋田県 にかほ市
68%
秋田県 由利本荘市
68%
福島県 南相馬市
68%
茨城県 小美玉市
68%
茨城県 鹿嶋市
68%
茨城県 常陸大宮市
68%
茨城県 単独市制 守谷市
68%
栃木県 さくら市
68%
栃木県 那須烏山市
68%
群馬県 みどり市
68%
埼玉県 さいたま市
68%
埼玉県 ふじみ野市
68%
千葉県 いすみ市
68%
千葉県 南房総市
68%
東京都 あきる野市
68%
東京都 西東京市
68%
山梨市 南アルプス市
68%
静岡県 伊豆の国市
68%
愛知県 単独市制 みよし市
68%
山口県 山陽小野田市
68%
香川県 東かがわ市
68%
愛媛県 四国中央市
68%
北海道 単独市制 石狩市
64%
青森県 平川市
64%
宮城県 栗原市
64%
宮城県 登米市
64%
茨城県 神栖市
64%
茨城県 桜川市
64%
茨城県 筑西市
64%
千葉県 単独市制 大網白里市
64%
千葉県 香取市
64%
愛知県 あま市
64%
滋賀県 米原市
64%
滋賀県 単独市制 栗東市
64%
兵庫県 淡路市
64%
兵庫県 加東市
64%
兵庫県 2019年に改称 篠山市
64%
兵庫県 南あわじ市
64%
和歌山県 紀の川市
64%
和歌山県 単独市制 岩出市
64%
山口県 周南市
64%
徳島県 三好市
64%
岩手県 八幡平市
61%
宮城県 東松島市
61%
秋田県 潟上市
61%
福島県 本宮市
61%
茨城県 潮来市
61%
茨城県 行方市
61%
茨城県 坂東市
61%
埼玉県 単独市制 白岡市
61%
石川県 かほく市
61%
石川県 白山市
61%
福井県 越前市
61%
山梨市 中央市
61%
三重県 いなべ市
61%
滋賀県 高島市
61%
滋賀県 東近江市
61%
兵庫県 たつの市
61%
兵庫県 丹波市
61%
奈良県 単独市制 香芝市
61%
広島県 安芸高田市
61%
広島県 江田島市
61%
徳島県 吉野川市
61%
香川県 さぬき市
61%
高知県 四万十市
61%
長崎県 五島市
61%
熊本県 天草市
61%
鹿児島県 薩摩川内市
61%
福島県 伊達市
57%
福島県 田村市
57%
茨城県 那珂市
57%
埼玉県 単独市制 吉川市
57%
富山県 南砺市
57%
福井県 あわら市
57%
福井県 坂井市
57%
山梨市 甲斐市
57%
岐阜県 飛騨市
57%
静岡県 伊豆市
57%
静岡県 牧之原市
57%
愛知県 単独市制 長久手市
57%
滋賀県 甲賀市
57%
京都府 京丹後市
57%
京都府 南丹市
57%
兵庫県 宍粟市
57%
奈良県 宇陀市
57%
島根県 雲南市
57%
岡山県 瀬戸内市
57%
岡山県 美作市
57%
徳島県 美馬市
57%
福岡県 うきは市
57%
福岡県 単独市制 那珂川市
57%
長崎県 壱岐市
57%
長崎県 西海市
57%
長崎県 南島原市
57%
熊本県 阿蘇市
57%
鹿児島県 奄美市
57%
鹿児島県 南九州市
57%
沖縄県 宮古島市
57%
茨城県 稲敷市
54%
茨城県 鉾田市
54%
千葉県 匝瑳市
54%
東京都 単独市制 羽村市
54%
新潟市 胎内市
54%
石川県 単独市制 野々市市
54%
山梨市 上野原市
54%
岐阜県 郡上市
54%
愛知県 愛西市
54%
愛知県 北名古屋市
54%
三重県 伊賀市
54%
滋賀県 野洲市
54%
京都府 単独市制 京田辺市
54%
大阪府 単独市制 阪南市
54%
兵庫県 養父市
54%
岡山県 赤磐市
54%
高知県 香美市
54%
高知県 香南市
54%
長崎県 対馬市
54%
熊本県 上天草市
54%
大分県 豊後大野市
54%
鹿児島県 姶良市
54%
鹿児島県 いちき串木野市
54%
鹿児島県 志布志市
54%
沖縄県 南城市
54%
栃木県 下野市
50%
千葉県 単独市制 印西市
50%
千葉県 単独市制 白井市
50%
千葉県 単独市制 富里市
50%
千葉県 単独市制 八街市
50%
新潟市 阿賀野市
50%
新潟市 魚沼市
50%
新潟市 南魚沼市
50%
新潟市 妙高市
50%
石川県 能美市
50%
山梨市 甲州市
50%
長野県 安曇野市
50%
岐阜県 瑞穂市
50%
静岡県 御前崎市
50%
三重県 志摩市
50%
滋賀県 湖南市
50%
兵庫県 朝来市
50%
徳島県 阿波市
50%
愛媛県 西予市
50%
愛媛県 東温市
50%
福岡県 単独市制 古賀市
50%
佐賀県 嬉野市
50%
佐賀県 神埼市
50%
大分県 国東市
50%
鹿児島県 南さつま市
50%
沖縄県 うるま市
50%
沖縄県 単独市制 豊見城市
50%
埼玉県 単独市制 日高市
46%
新潟市 佐渡市
46%
富山県 射水市
46%
山梨市 笛吹市
46%
長野県 東御市
46%
岐阜県 下呂市
46%
岐阜県 本巣市
46%
静岡県 菊川市
46%
京都府 木津川市
46%
奈良県 葛城市
46%
岡山県 浅口市
46%
岡山県 真庭市
46%
香川県 三豊市
46%
福岡県 朝倉市
46%
福岡県 糸島市
46%
福岡県 福津市
46%
福岡県 単独市制2010年に合併し廃止 前原市
46%
佐賀県 小城市
46%
長崎県 雲仙市
46%
熊本県 合志市
46%
大分県 由布市
46%
鹿児島県 伊佐市
46%
鹿児島県 霧島市
46%
鹿児島県 曽於市
46%
埼玉県 単独市制 鶴ヶ島市
43%
長野県 千曲市
43%
岐阜県 海津市
43%
岐阜県 山県市
43%
愛知県 単独市制 日進市
43%
福岡県 嘉麻市
43%
福岡県 みやま市
43%
熊本県 宇城市
43%
鹿児島県 日置市
43%
千葉県 山武市
39%
愛知県 清須市
39%
愛知県 弥富市
39%
愛知県 田原市
36%
福岡県 宮若市
36%
千葉県 単独市制 袖ケ浦市
32%
No matching quizzes found
Score Distribution
Percent of People with Each Score
Percentile by Number Answered
Your Score History
You have not taken this quiz